01224nam a22003137a 450000500170000000800410001701000170005802000230007502000260009803500170012403700160014104000170015708200060017410000170018024500830019726000410028027000370032130000280035849000260038652002600041265000470067265000310071965000200075065000380077065000220080865500300083065500280086070000220088820090120105610.0090120t xxu||||| |||| 00| 0 eng d aB-345482-488 a0439902509c110.00 a9780439902502c110.00 aB-345482-488 bTarun Books aDPLbEnglish aS aAbbott, Tony aPirates of the purple dawn /cby Tony Abbott; illustrated by Royce Fitzgerald aNew York bScholasticc2008(repr.).  a557 BroadwaybNew YorkeNY 10012 a124p.:bill.c20cm(pbk) aSecrets of Droon v29 aEverything in Droon is changing. Lord Sparr has disappeared. Ko and Gethwing have fled to the Dark Lands. And an old villain is back -- Ving, leader of the Hawk Bandits! This time, he has his twin sister in tow, along with her band of wicked pirates. Arrr aDroon (Imaginary place)vJuvenile fiction. aWizardsvJuvenile fiction. aMagicvFiction. aDroon (Imaginary place)vFiction. aWizardsvFiction. aChildren's stories.2lcsh aFantasy fiction.2gsafd aFitzgerald, Royce